| 000 | 00511nam a2200181 a 4500 | ||
|---|---|---|---|
| 005 | 20140412111322.0 | ||
| 008 | 010320s19uu xx 00 eng d | ||
| 020 | _a1-56144-739-0 | ||
| 050 |
_aER _bTi43 1995 |
||
| 100 | _aAstrop, Caroline & John | ||
| 245 |
_aTime / _cwritten and illustrated by Caroline and John Astrop. |
||
| 260 |
_aNew York : _bModern Publishing, _c1995. |
||
| 300 | _a1 v. (unp.) ; ill. | ||
| 440 | _aMy First Learning Series | ||
| 650 | _aTime | ||
| 999 |
_c104413 _d104413 |
||